| 000 | 00823nam a2200229 a 4500 | ||
|---|---|---|---|
| 001 | 000045639 | ||
| 005 | 20201002052348.0 | ||
| 008 | 150420s2001 dr a 000 0 spa d | ||
| 020 | _a9993433314 | ||
| 040 |
_aDO-SdBNP _bspa _cBNPHU |
||
| 082 |
_a617.96 _bH557f |
||
| 100 | 1 |
_aHernández Polanco, Rafael _961949 |
|
| 245 | 1 | 0 |
_aFundamentos de anestesiología / _cRafael Hernández Polanco ; prólogo Ramón Díaz Cruz. |
| 260 |
_aSanto Domingo : _bMediabyte, _c2001. |
||
| 300 |
_a280 p. : _bil. ; _c23 cm. |
||
| 500 | _aIncluye bibliografía al final de los capítulos | ||
| 500 | _aIncluye datos biográficos del autor en la solapa de la cubierta. | ||
| 590 | _aInventariado,2018/DG | ||
| 650 | 4 |
_aAnestesiología _920118 |
|
| 700 | 1 | 2 |
_aDíaz Cruz, Ramón, _epról. _973709 |
| 910 | _aValidado. Control de calidad MFF | ||
| 999 |
_c45128 _d45128 |
||